000 00441nam a22001691a 4500
020 _a9788186762141
082 _aH300 9
_bDIL/S
100 _aDilshaad Zilani
245 _aSattothari hindi ke muslim upanyasakar/
_cby Dilshaad Zilani
260 _aNew Delhi:
_bDilpreeth,
_c1998.
300 _a273p.
500 _aDilshad Jilani
650 _aNovel Hindi Criticism
650 _aLiterature Hindi
650 _aLiterature
942 _cBK
999 _c40865
_d40865